[Event "GER-ch U25 op"]
[Site "Willingen"]
[Date "2008.05.11"]
[Round "1"]
[White "Carow, Annelen"]
[Black "Geshnizjani, Ramin Tobias"]
[Result "0-1"]
[WhiteElo "1542"]
[BlackElo "2039"]
[PlyCount "60"]
[EventDate "2008.05.11"]
[EventType "swiss"]
[EventRounds "9"]
[EventCountry "GER"]
[SourceTitle "CBM 124 Extra"]
[Source "ChessBase"]
[SourceDate "2008.07.03"]
[SourceVersion "1"]
[SourceVersionDate "2008.07.03"]
[SourceQuality "1"]

1. d4 Nf6 2. c4 c5 3. d5 b5 4. cxb5 a6 5. bxa6 g6 6. Nf3 Bg7 7. g3 d6 8. Bg2 Bxa6 9. 0-0 Nbd7 10. h3 0-0 11. Nc3 Nb6 12. Re1 Nfd7 13. Bf4 Nc4 14. Qc1 Qb6 15. Rb1 Rfb8 16. b3 Na3 17. Na4 Qb4 18. Bd2 Qxa4 19. bxa4 Nxb1 20. Bh6 Bh8 21. Qe3 Ne5 22. Nxe5 Bxe5 23. Kh2 Ra7 24. h4 Nc3 25. Qf3 Bc4 26. e4 Rxa4 27. Bh3 Rxa2 28. Re3 Be2 29. Qg2 Nd1 30. Rxe2 Rxe2 0-1

[Event "GER-chT U20"]
[Site "Kelheim"]
[Date "2007.12.28"]
[Round "4.2"]
[White "Geshnizjani, Ramin Tobias"]
[Black "Papaioannou, Dimitrios"]
[Result "1/2-1/2"]
[WhiteElo "1906"]
[BlackElo "2028"]
[PlyCount "45"]
[EventDate "2007.12.27"]
[EventType "team-swiss"]
[EventRounds "7"]
[EventCountry "GER"]
[SourceTitle "EXT 2022"]
[Source "ChessBase"]
[SourceDate "2021.10.06"]
[SourceVersion "1"]
[SourceVersionDate "2021.10.06"]
[SourceQuality "1"]
[WhiteTeam "Heilbronn U20"]
[BlackTeam "Koeln Muelheim U20"]
[WhiteTeamCountry "GER"]
[BlackTeamCountry "GER"]

1. e4 c6 2. d4 d5 3. Nc3 dxe4 4. Nxe4 Nd7 5. Nf3 Ngf6 6. Ng3 e6 7. Bd3 c5 8. 0-0 Be7 9. Qe2 0-0 10. Rd1 Qc7 11. c4 cxd4 12. Nxd4 Bc5 13. Nb3 Bd6 14. Be3 b6 15. Nd4 a6 16. a3 Ne5 17. Ne4 Nxe4 18. Bxe4 Rb8 19. f4 Ng6 20. Nc6 Rb7 21. Nd4 Rb8 22. Nc6 Rb7 23. Nd4 1/2-1/2

[Event "GER-chT U20"]
[Site "Kelheim"]
[Date "2007.12.27"]
[Round "1.2"]
[White "Lindenberg, Georg"]
[Black "Geshnizjani, Ramin Tobias"]
[Result "1-0"]
[WhiteElo "2083"]
[BlackElo "1906"]
[PlyCount "65"]
[EventDate "2007.12.27"]
[EventType "team-swiss"]
[EventRounds "7"]
[EventCountry "GER"]
[SourceTitle "EXT 2022"]
[Source "ChessBase"]
[SourceDate "2021.10.06"]
[SourceVersion "1"]
[SourceVersionDate "2021.10.06"]
[SourceQuality "1"]
[WhiteTeam "Pang/Rosenheim U20"]
[BlackTeam "Heilbronn U20"]
[WhiteTeamCountry "GER"]
[BlackTeamCountry "GER"]

1. e4 c6 2. d4 d5 3. e5 Bf5 4. Nf3 e6 5. Be2 Be7 6. 0-0 h5 7. Be3 Nd7 8. Nbd2 Nh6 9. c4 Nb6 10. c5 Nd7 11. b4 f6 12. Bf4 Nf7 13. Nb3 g5 14. exf6 Bxf6 15. Be3 g4 16. Ne1 Qc7 17. f4 gxf3 18. Nxf3 Ke7 19. Qd2 Rag8 20. Bf4 e5 21. dxe5 Nfxe5 22. Rae1 Be4 23. Bd3 Bxf3 24. Rxf3 Kd8 25. Rfe3 Rg4 26. g3 Rhg8 27. Kh1 Bg5 28. Bxg5+ R4xg5 29. Nd4 Nf8 30. Qe2 Neg6 31. Re8+ Kd7 32. Qe7+ Nxe7 33. R1xe7# 1-0